MARC

LEADER 00000nas a2200000 a 4500
001 ssj0035854
003 WaSeSS
005 20200512172242.0
006 m d
007 cr n
008 040819c20049999nyuqr pss 0 a0eng c
010 |a  2004222915 
016 7 |a 101239794  |2 DNLM 
016 7 |a 013398751  |2 Uk 
022 |a 1553-6610  |l 1553-6610  |y 1868-9884 
035 |a (WaSeSS)ssj0035854 
040 |a CLU  |b eng  |e pn  |c CLU  |d NSD  |d NLM  |d OCL  |d CLU  |d CUS  |d OCLCQ  |d DLC  |d UKMGB  |d SERSO  |d OCLCQ  |d BUF  |d OCLCF  |d OCLCO  |d OCLCQ  |d OCLCO  |d OCLCQ  |d NTG  |d OCLCO  |d OCLCA  |d DLC  |d WaSeSS 
042 |a pcc  |a nsdp 
050 0 0 |a HQ60 
060 1 0 |a W1 
082 1 0 |a 306.7  |2 13 
210 1 0 |a Sex Res Social Policy 
222 0 |a Sexuality research & social policy 
245 0 0 |a Sexuality research & social policy  |h [electronic resource] :  |b journal of NSRC : SR & SP. 
246 3 0 |a SR & SP 
246 1 3 |a SRSP 
246 3 |a Sexuality research and social policy 
260 |3 2004-2009 :  |a San Francisco, CA :  |b National Sexuality Resource Center,  |c ©2004- 
260 3 |3 2010- :  |a New York, NY :  |b Springer Science+Business Media, LLC 
310 |a Quarterly 
362 0 |a Vol. 1, no. 1 (Jan. 2004)- 
500 |a Some issues also have a distinctive title. 
500 |a Title from PDF caption (publisher Web site, viewed Feb. 3, 2005). 
506 |a License restrictions may limit access. 
538 |a Mode of access: World Wide Web. 
588 |a Latest issue consulted Vol. 16, no. 2 (June 2019) (SpringerLink website, viewed June 19, 2019). 
650 0 |a Sexology  |v Periodicals. 
650 0 |a Social policy  |v Periodicals. 
650 0 |a Sex  |v Periodicals. 
650 0 |a Sexually transmitted diseases  |v Periodicals. 
650 1 2 |a Sexuality. 
650 2 2 |a Public Policy. 
650 2 2 |a Civil Rights. 
650 2 2 |a Sexual Behavior. 
650 2 2 |a Sex Education. 
650 2 2 |a Sexually Transmitted Diseases  |x prevention & control. 
650 7 |a Sex.  |2 fast  |0 (OCoLC)fst01114160 
650 7 |a Sexology.  |2 fast  |0 (OCoLC)fst01114741 
650 7 |a Sexually transmitted diseases.  |2 fast  |0 (OCoLC)fst01114952 
650 7 |a Social policy.  |2 fast  |0 (OCoLC)fst01122738 
655 0 |a Electronic journals. 
710 2 |a National Sexuality Resource Center (San Francisco State University) 
776 0 8 |i Print version:  |t Sexuality research and social policy (Print)  |x 1868-9884  |w (DLC) 2010207584  |w (OCoLC)670108869 
850 |a DLC 
856 4 0 |z Full text available from Research Library: 01/01/2004 to 1 year ago  |u https://search.proquest.com/publication/75954